Responses for Show #4482 - Tuesday, February 17, 2004

2004 Teen Tournament semifinal game 2.

Contestants

[<< previous game]

Heather Goodlett, a sophomore from Hanceville, Alabama

Meghan Apfelbaum, a senior from Menands, New York

Jennifer Wu, a sophomore from Arkadelphia, Arkansas

[next game >>]

Jeopardy! Round responses

A WEALTH OF KNOWLEDGE
FRENCH HISTORY
ASHTON KUTCHER
ANIMALS
COUNTRIES BY NEWSPAPERS
(Alex: We're talking about current countries.)
FAMILIAR PHRASES
    $200 11
(Meghan: What is the U.S. Constitution?)

The Gettysburg Address

JenniferMeghan
    $200 14
the guillotine

Meghan
    $200 4
Demi Moore

Meghan
    $200 1
the queen

Jennifer
    $200 22
Japan

Heather
    $200 17
pours

Jennifer
    $400 12
Goldilocks

Triple Stumper
    $400 15
Joan of Arc

Meghan
    $400 5
(Meghan: What is Michigan?)
(Jennifer: What is Indiana?)
(Heather: What is Minnesota?)

Iowa

JenniferMeghanHeather
Triple Stumper
    $400 2
(Meghan: What is smell?)

eyesight

JenniferMeghan
    $400 24
(Meghan: What is Czechoslovakia?)
...
(Alex: That's it, yes, current countries.)

the Czech Republic

MeghanHeather
    $400 19
(Meghan: What is to hit the nail, oh, to hit the hammer on the head?)
...
[ERRATUM: Megan's response was initially ruled incorrect, but was reversed prior to the Double Jeopardy! round, due to some confusion and misunderstanding of the clue and after some research was done.]

to hit the nail on the head (or hit the hammer on the head)

JenniferMeghan
    $600 13
urban myths (or urban legends)

Jennifer
    $600 16
Marie Antoinette

Heather
    $600 6
Dude, Where's My Car?

Meghan
    $600 3
a bat

Heather
    $600 25
(Alex: A minute to go now.)

Canada

Jennifer
    $600 20
Davey Jones

Heather
    $800 23
Kelly Slater

Triple Stumper
    $500 27
the pope

Meghan
    $800 7
That '70s Show

Meghan
    $800 9
arthropods

Triple Stumper
    $800 29
The Philippines

Triple Stumper
    $800 21
an albatross

Jennifer
    $1000 26
muscles

Meghan
    $1000 28
Versailles

Meghan
    $1000 8
(Heather: Who is Tommy Hilfiger?)

Calvin Klein

JenniferHeather
    $1000 10
(Alex: They're ugly and the smell bad, [*].)

hyenas

Triple Stumper
    $1000 30
Brazil

Meghan
    $1000 18
(Jennifer: What is Hamlet?)
(Meghan: What is Romeo and Juliet?)

Julius Caesar

JenniferMeghan
Triple Stumper

Scores at the first commercial break (after clue 15):

Jennifer Meghan Heather
$2,000 $1,200 -$800

Scores at the end of the Jeopardy! Round:

Jennifer Meghan Heather
$3,000 $3,700 $1,000

Double Jeopardy! Round responses

A KNOWLEDGE OF WEALTH
(Alex: Not the reverse.)
FAMOUS, LIKE, QUOTATIONS
TELEVISION
MEN OF SCIENCE
GOD BLESS ARMENIA
4-LETTER X-RATED WORDS
(Alex: Each correct response will contain four letters, as well as one "X".)
    $400 6
Ben Affleck & Jennifer Lopez

Heather
    $400 7
a mousetrap

Jennifer
    $400 9
Dog Eat Dog

Heather
    $400 20
(Daniel Gabriel) Fahrenheit

Heather
    $400 24
a cross

Heather
    $400 1
a taxi

Heather
    $800 8
Arnold Schwarzenegger

Heather
    $800 14
"to bind them"

Jennifer
    $800 10
The O.C.

Meghan
    $800 21
(Robert) Bunsen

Meghan
    $800 27
the Soviet Union

Heather
    $800 2
the exit

Jennifer
    $1200 17
Ted Turner

Meghan
    $1200 15
a ship

Meghan
    $1200 11
Alias

Meghan
    $1200 22
(Gregor) Mendel

Jennifer
    $1200 28
(Heather: What is a power plant?)
(Alex: Be more specific.)

a nuclear power plant

Heather
    $1200 3
next

Jennifer
    $1600 18
Paris & Nicky Hilton

Jennifer
    $1600 16
Robert E. Lee

Jennifer
    $1600 12
Everwood

Meghan
    $1,500 23
Louis Pasteur

Jennifer
    $1600 29
Raffi

Meghan
    $1600 4
the axle

Jennifer
    $2000 19
Publishers Clearing House

Jennifer
    $2000 25
(Alex: Correct, with a minute to go.)

(Sigmund) Freud

Meghan
    $2000 13
Teen Titans

Heather
    $2000 26
(Ivan) Pavlov

Jennifer
    $2000 30
(Heather: What is Bantine?)

the Ottoman Empire

JenniferHeather
    $1,500 5
oxen

Jennifer

Scores at the end of the Double Jeopardy! Round:

Jennifer Meghan Heather
$21,200 $14,100 $5,800

[wagering suggestions for these scores]

Final Jeopardy! Round responses

OLYMPIC CITIES
[Jennifer gives a congratulatory kiss upon her victory]
HeatherWhat is Mexico City?
$5,800
MeghanWhat is Mexico City?
$7,500
JenniferWhat is Mexico City?
$7,000
Mexico City

Final scores:

Jennifer Meghan Heather
$28,200 $21,600 $11,600
Finalist 2nd place: $5,000 3rd place: $5,000

Game dynamics:

Coryat scores:

Jennifer Meghan Heather
$21,800 $14,400 $5,800
22 R
(including 2 DDs),
2 W
18 R
(including 1 DD),
5 W
14 R,
3 W

Combined Coryat: $42,000

[game clues] [game scores] [suggest correction]

Game tape date: 2003-12-16
The J! Archive is created by fans, for fans. Scraping, republication, monetization, and malicious use prohibited; this site may use cookies and collect identifying information. See terms. The Jeopardy! game show and all elements thereof, including but not limited to copyright and trademark thereto, are the property of Jeopardy Productions, Inc. and are protected under law. This website is not affiliated with, sponsored by, or operated by Jeopardy Productions, Inc. Join the discussion at JBoard.tv.